| 000 | 00492nam a2200181Ia 4500 | ||
|---|---|---|---|
| 003 | LK-CoDNM | ||
| 005 | 20240730151724.0 | ||
| 008 | 010623t1964 xxu||||| |||| 00| 1 eng d | ||
| 040 |
_aLK-CoDNM _dLK-CoDNM _eLK-CoDNM |
||
| 041 | _aeng | ||
| 080 |
_a8 _bJJ42 |
||
| 100 | _aRadcliffe,Brown.A.R. | ||
| 245 | _aA natural Science of Society | ||
| 260 |
_bThe Free Press of Glencoe and the Falcons Wing Press _c1964 |
||
| 300 | _bxii, 156p. : 21 cm | ||
| 650 | _aSocial Science | ||
| 942 | _cBK | ||
| 999 |
_c106483 _d106483 |
||